Modern petroleum chemistry : An overview (Record no. 42300)

MARC details
000 -LEADER
fixed length control field 00335nam a2200121Ia 4500
020 ## - INTERNATIONAL STANDARD BOOK NUMBER
ISBN 8190180509
082 ## - DEWEY DECIMAL CLASSIFICATION NUMBER
Classification number 665.6:54
Item number MAN;1
100 ## - MAIN ENTRY--AUTHOR NAME
Personal name Manjooran S, Kochu Baby
245 #0 - TITLE STATEMENT
Title Modern petroleum chemistry : An overview
260 ## - PUBLICATION, DISTRIBUTION, ETC. (IMPRINT)
Place of publication Kochi
Name of publisher Kamatheri Publications
Year of publication 2003
942 ## - ADDED ENTRY ELEMENTS (KOHA)
Koha item type Books
Holdings
Withdrawn status Lost status Damaged status Not for loan Home library Current library Date acquired Cost, normal purchase price Full call number Accession Number Koha item type
        RRII Library RRII Library 16/12/2021 250.00 665.6:54 MAN;1 22574 Books